| 000 | 00662nam a2200193 a 4500 | ||
|---|---|---|---|
| 001 | 000015113 | ||
| 005 | 20200929163947.0 | ||
| 008 | 100201s2003 dr 001 0 spa d | ||
| 040 |
_aDO-SdBNP _bspa _cBNPHU |
||
| 082 |
_axxx _bE79o |
||
| 100 | 1 |
_aEstévez Medina, Arcenio _931277 |
|
| 245 | 1 | 0 |
_aOtras enfermedades y sus dietas / _cArcenio Estévez Medina ; prólogo Rafael P. Rodríguez. |
| 260 |
_bGRAFICARIBE, _c2003. |
||
| 300 |
_a198 p. ; _c21 cm. |
||
| 500 | _aIncluye datos biográficos de la autor en la contracubierta | ||
| 504 | _aIncluye referencias bibliográficas [p. 195-198] | ||
| 700 | 1 |
_aRodríguez, Rafael P. _epról. _912299 |
|
| 049 | _aBNPD | ||
| 999 |
_c14685 _d14685 |
||